Представление документа в формате RUSMARC

ПолеНазваниеЗначение
  Тип записи a
  Библиографический уровень a
001 Контрольный номер 1c289155264f4a2f91eabbfd91d01483
005 Дата корректировки 20240207193955.5
100 Данные общей обработки __
a Данные общей обработки 20230814 ||| 0rusy0189 ca
101 Язык документа 0_
a Язык текста rus
102 Страна публикации __
a Страна публикации RU
200 Заглавие и сведения об ответственности 1_
a Заглавие Царица злаков
e Сведения, относящиеся к заглавию [история выращивания пшеницы]
f Первые сведения об ответственности П. Радионов
461 Уровень набора _0
1 2000
a Филя. Весёлые картинки о природе
463 Уровень физической единицы _0
1 2000
a № 8
v С. 1-6 : ил.
1 2101
d 2023
1 001d2448b5947ea44ea968a5e842ac7799b
606 Тематические рубрики 0_
a Основная рубрика Полеводство - Пшеница
610 Ключевые слова 0_
a Ключевые слова пшеница; выращивание пшеницы; культивирование пшеницы; зерновые культуры; зерновые; земледелие; история земледелия; распространение пшеницы; злаки; злаковые растения; хлебопечение
686 Индексы других классификаций __
a Классификационный индекс 42.1
700 Автор _1
a Фамилия Радионов
b Имя (инициалы) П.
g Полное личное имя Павел
801 Источник записи _0
a Страна RU
b Организация УОБДЮ
c Дата составления 20230814
g Правила каталогизации RCR
801 Источник записи _1
a Страна RU
b Организация УОБДЮ
c Дата составления 20230814
g Правила каталогизации RCR
901 Тип документа __
t Тип документа b
w Контрольный № источника d2448b5947ea44ea968a5e842ac7799b
905 Данные по созданию БЗ __
b Логин пользователя, который создал БЗ ibo4
909 Создатель записи __
a Создатель записи Бобылёва И.В.
910 Корректоры записи __
a Корректор записи Бобылёва И.В.
919 __
a Бобылёва И.В.
c Бобылёва И.В.